000 00583nam a2200193Ia 4500
003 GCL
008 140319s9999 xx 000 0 ara d
040 _aGCL /
_cGCL
082 0 4 _aق
_b907.2
_bا ت
100 1 _aاحمد السعيد سليمان
245 1 0 _aتأصيل ما ورد فى تاريخ الحبرتى من الدخيل /
_cاحمد السعيد سليمان
260 _a[S.N] :
_bدار المعارف ،
_c1979
300 _a222
490 _a
650 0 4 _aالتاريخ
650 0 4 _aالمؤرخون
650 0 4 _aالانسانيات
942 _2ddc
_cBK
999 _c58067
_d58067